Top 20 Songs of 2014 - Statistics

General Stats
  • This quiz has been taken 17 times
  • The average score is 10 of 20
Answer Stats
Artist Song % Correct
Pharrell Williams Happy
100%
Meghan Trainor All About That Bass
88%
John Legend All of Me
81%
Lorde Royals
75%
OneRepublic Counting Stars
63%
Passenger Let Her Go
63%
MAGIC! Rude
63%
Bastille Pompeii
56%
Iggy Azalea Fancy
50%
Ariana Grande Problem
50%
Katy Perry Dark Horse
44%
Sam Smith Stay With Me
44%
Taylor Swift Shake It Off
38%
Pitbull Timber
38%
Nico and Vinz Am I Wrong
31%
A Great Big World Say Something
31%
Jason Derulo Talk Dirty
31%
Lorde Team
31%
DJ Snake and Lil Jon Turn Down for What
19%
Eminem The Monster
13%
No matching quizzes found
Score Distribution
Percent of People with Each Score
Percentile by Number Answered
Your Score History
You have not taken this quiz